Výzvy súvisiace s budovaním Bankovej únie
Bankový sektor v podmienkch Európskej únie. Piliere bankovej únie. Legislatívne akty súvisiace s vytvorením Bankovej únie.
Salvato in:
| Autore principale: | |
|---|---|
| Natura: | Capitolo di libro |
| Lingua: | slovacco |
| Soggetti: | |
| Tags: |
Nessun Tag, puoi essere il primo ad aggiungerne!!
|
MARC
| LEADER | 00000naa a2200000 4500 | ||
|---|---|---|---|
| 001 | 0181466 | ||
| 005 | 20221020082555.8 | ||
| 041 | 0 | |a slo | |
| 044 | |a SK | ||
| 245 | 1 | 0 | |a Výzvy súvisiace s budovaním Bankovej únie |c Vazil Hudák |
| 520 | |a Bankový sektor v podmienkch Európskej únie. Piliere bankovej únie. Legislatívne akty súvisiace s vytvorením Bankovej únie. | ||
| 610 | 2 | 0 | |a banky |
| 610 | 2 | 0 | |a kríza finančná |
| 610 | 2 | 0 | |a Európska únia |
| 610 | 2 | 0 | |a trh finančný |
| 610 | 2 | 0 | |a regulácia finančná |
| 610 | 2 | 0 | |a dohľad bankový |
| 610 | 2 | 0 | |a dohľad nad finančným trhom |
| 100 | 1 | |a Hudák, Vazil | |